书目信息 |
| 题名: |
建设工程预算入门与实例精解
|
|
| 作者: | 计富元 主编 | |
| 分册: | 建筑工程 | |
| 出版信息: | 北京 中国电力出版社 2014 |
|
| 页数: | 273页 | |
| 开本: | 24cm | |
| 丛书名: | ||
| 单 册: | ||
| 中图分类: | TU723.33 | |
| 科图分类: | ||
| 主题词: | 建筑工程--建筑预算定额 , 建筑预算定额 , 建筑工程 | |
| 电子资源: | ||
| ISBN: | 978-7-5123-5889-8 | |
| 000 | 00898nam0 2200241 450 | |
| 001 | 142043 | |
| 005 | 20141115144357.64 | |
| 010 | @a978-7-5123-5889-8@dCNY 39.80 | |
| 100 | @a20140903d2014 em y0chiy50 ea | |
| 101 | 0 | @achi |
| 102 | @aCN@b110000 | |
| 105 | @aa z 000yy | |
| 200 | 1 | @a建设工程预算入门与实例精解@9jian she gong cheng yu suan ru men yu shi li jing jie@i建筑工程@b专著@f计富元主编 |
| 210 | @a北京@c中国电力出版社@d2014 | |
| 215 | @a273页@c图@d24cm | |
| 330 | @a本书讲解了进行建筑工程所需了解到的基础知识、计算规则、规范、定额等内容,并用大量的实例演示了工程量计算方法。内容包括:建筑工程预算基础,建筑工程预算定额,建筑工程工程量计算,建筑工程工程量清单计价,实例。 | |
| 606 | 0 | @a建筑工程@x建筑预算定额 |
| 606 | 0 | @a建筑预算定额 |
| 606 | 0 | @a建筑工程 |
| 690 | @aTU723.33@v5 | |
| 701 | 0 | @a计富元@9ji fu yuan@4主编 |
| 801 | 0 | @c20141115 |
| 905 | @a241430@dTU723.33@eJ150 | |
| 建设工程预算入门与实例精解.建筑工程/计富元主编.-北京:中国电力出版社,2014 |
| 273页:图;24cm |
| ISBN 978-7-5123-5889-8:CNY 39.80 |
| 本书讲解了进行建筑工程所需了解到的基础知识、计算规则、规范、定额等内容,并用大量的实例演示了工程量计算方法。内容包括:建筑工程预算基础,建筑工程预算定额,建筑工程工程量计算,建筑工程工程量清单计价,实例。 |
| ● |
| 相关链接 |
|
|
|
正题名:建设工程预算入门与实例精解
索取号:TU723.33/J150
 
预约/预借
| 序号 | 登录号 | 条形码 | 馆藏地/架位号 | 状态 | 备注 |
| 1 | 0839745 | 208397457 | 建筑库201/201建筑库 107排1列1层/ [索取号:TU723.33/J150] | 在馆 | |
| 2 | 0839746 | 208397466 | 建筑库201/201建筑库 107排1列1层/ [索取号:TU723.33/J150] | 在馆 | |
| 3 | 0839747 | 208397475 | 建筑库201/201建筑库 107排1列1层/ [索取号:TU723.33/J150] | 在馆 |